000
00238nam a2200109Ia 4500
008
190216s9999||||xx |||||||||||||| ||und||
100
_a
V K N
245
0
_a
Kudineer
260
_b
Poorna Pubs Kozhikode
650
_a
Kavithkal
942
_c
BK
999
_c
26065
_d
26065